000 00303pam a2200121a 44500
008 230405s2002 xxu||||| |||| 00| 0 eng d
041 _aENG
100 _aDiana Neill
245 _aA short History of the English Novel
260 _aLudhiana
_bKalyani Publishers
_c2002
300 _a456
906 _a9777
999 _c300276
_d300276